Statistics for Pairs #11

Click here to take the quiz!

General Stats

  • This quiz has been taken 76 times
  • The average score is 21 of 25

Answer Stats

HintAnswer% Correct
Name itClaim it
97%
LatitudeLongitude
97%
DogsCats
95%
OnOff
95%
An armA leg
93%
DollarsCents
93%
The birdsThe bees
92%
GoodEvil
90%
ManWife
90%
GoalsAspirations
89%
HandFoot
89%
SaltVinegar
87%
BatBall
85%
AliveKicking
85%
ParkRide
85%
KithKin
84%
HammerSickle
84%
WashWear
84%
CatchRelease
82%
Red beansRice
79%
FearLoathing
77%
FastLoose
77%
KitCaboodle
72%
BarefootPregnant
67%
ChalkCheese
66%

Score Distribution

Percentile by Number Answered

Percent of People with Each Score

Your Score History

You have not taken this quiz